|
|
|
|
| LEADER |
00774nam a2200193 i 4500 |
| 001 |
c000129426 |
| 003 |
CARM |
| 005 |
00000000000000.0 |
| 008 |
841214s1929 xx 0 eng d |
| 019 |
1 |
|
|a 10225374
|5 LACONCORD2021
|
| 035 |
|
|
|a (OCoLC)2552464
|5 LACONCORD2021
|
| 100 |
1 |
|
|a Kretzen, Johannes.
|
| 245 |
1 |
0 |
|a Zwischen Parana und Tiete :
|b Tiere und Menschen im Urwald von Sao Paulo.
|
| 260 |
|
|
|a Leipsig :
|b Leipziger Buchdruckerei,
|c 1929.
|
| 300 |
|
|
|a 263 p. :
|b illus.
|
| 651 |
|
0 |
|a Sao Paulo, Brazil (State)
|x Description and travel.
|
| 852 |
8 |
|
|b CARM
|h A2:AF11C0
|i D00920
|p 0062564
|f BK
|
| 999 |
f |
f |
|i 0682ebb6-35d6-5a02-adff-d3880478d1b5
|s c7ea53ce-33c9-55b9-bfe8-2b7091aa863d
|
| 952 |
f |
f |
|p Can circulate
|a CAVAL
|b CAVAL
|c CAVAL
|d CARM 1 Store
|e D00920
|f A2:AF11C0
|h Other scheme
|i book
|m 0062564
|